000 00524nam a2200193Ia 4500
005 20260120131138.0
008 008 260114s9999 xx 000 0 eng d
020 _a9780190256272
037 _aEBOOK
040 _aCRL
_beng
_cCRL
041 _aeng
_2eng
084 _qCRL
100 _aGibbs
_9923500
245 0 _aMoral Development and Reality
260 _bOxford University PressOxford University Press
_c2015
856 _uhttps://academic.oup.com/book/5299
942 _cEBOOK
999 _c1515411
_d1515411